| 000 | 00713nam a2200241 a 4500 | ||
|---|---|---|---|
| 001 | 24361 | ||
| 003 | BD-RjUL | ||
| 005 | 20211209001036.0 | ||
| 008 | 140313r19951990enkb 000 0 eng d | ||
| 020 | _a041509075X (pbk) | ||
| 035 | _a(BD-RjUL)24427 | ||
| 040 |
_aDLC _beng _cDLC _dBD-RjUL |
||
| 041 | _aeng | ||
| 082 | 0 | 0 |
_a940.28 _220 _bTHE 1995 |
| 245 | 0 | 0 |
_aThemes in modern European history 1830-1890 / _cedited by Bruce Waller. |
| 260 |
_aLondon : _bRoutledge, _c1990 [reprinted 1995]. |
||
| 300 |
_axv, 305 p. : _bmaps ; _c23 cm. |
||
| 504 | _aIncludes bibliographies and index. | ||
| 651 | 0 |
_aEurope _xHistory _y1789-1900. _969784 |
|
| 700 | 1 |
_aWaller, Bruce. _972575 |
|
| 942 |
_2ddc _cBK |
||
| 999 |
_c24361 _d24361 |
||